| 000 | 00770nam a2200265 a 4500 | ||
|---|---|---|---|
| 001 | 000115479 | ||
| 003 | CHAP | ||
| 005 | 20220329144536.0 | ||
| 008 | 190528s2016 mx a |rd ||||||spa d | ||
| 010 | _a111940 | ||
| 011 | _a112912 | ||
| 040 | _cCHAP | ||
| 082 | 0 | 4 |
_a497.452 _bP35 |
| 100 | 1 |
_aPeñaloza García, Rafael. _9135767 |
|
| 245 | 0 |
_aXochimilco Aztequismos : _b400 vocablos de origén Náhuatl / _cpor Rafael Peñaloza García. |
|
| 260 |
_aMéxico, D.F. : _bSEDEREC, _c2016. |
||
| 300 |
_a115 p. : _bil. |
||
| 590 |
_aBATCH-UPD _b05 _c20190528 _lUCH01 _h1248 |
||
| 590 |
_aE5765TAJ _b05 _c20190528 _lUCH01 _h1247 |
||
| 650 | 1 | 4 |
_aAztecas _vDiccionarios. _9135768 |
| 650 | 1 | 4 |
_aNáhuatl _xDiccionarios. _981495 |
| 901 | _aBK | ||
| 942 | _cLIBRO | ||
| 942 | _n0 | ||
| 999 |
_c111940 _d111940 |
||